| 000 | 00518cam a22002051 4500 | ||
|---|---|---|---|
| 001 | sa 64003224 | ||
| 003 | DLC | ||
| 005 | 20260227112015.0 | ||
| 008 | 890925s1962 ii 000 0 malo | ||
| 010 | _asa 64003224 | ||
| 035 | _a(OCoLC)20386989 | ||
| 040 |
_aDLC _cWaU _dDLC |
||
| 042 | _apremarc | ||
| 050 | 0 | 0 |
_aPL4718.9.J19 _bP8 |
| 100 | 1 | _aJacob, Issac. | |
| 245 | 1 | 0 | _aPūkkaḷe tēṭunna vaṇṭȧ. |
| 260 |
_a[Kottayam? _bJacob Varghese, _c1962] |
||
| 300 |
_a167 p. _c19 cm. |
||
| 500 | _aIn Malayalam. | ||
| 999 |
_c57785 _d57785 |
||